Republican U.S. Presidents - Sudden Death - Statistics

General Stats
  • This quiz has been taken 50,025 times
    49,656 since last reset
  • The average score is 8 of 19
Answers on the Grid
Answers color-coded by a green-red scale on the quiz's grid according to % correct below.
Abraham Lincoln
Andrew Johnson
Ulysses S. Grant
Rutherford B. Hayes
James A. Garfield
Chester A. Arthur
Grover Cleveland
Benjamin Harrison
William McKinley
Theodore Roosevelt
William Howard Taft
Woodrow Wilson
Warren G. Harding
Calvin Coolidge
Herbert Hoover
Franklin D. Roosevelt
Harry S. Truman
Dwight D. Eisenhower
John F. Kennedy
Lyndon B. Johnson
Richard Nixon
Gerald Ford
Jimmy Carter
Ronald Reagan
George H. W. Bush
Bill Clinton
George W. Bush
Barack Obama
Donald Trump
Joe Biden
 
Answer Stats
Answer % Correct
Abraham Lincoln
82%
Donald Trump
73%
George W. Bush
66%
George H. W. Bush
65%
Ronald Reagan
65%
Richard Nixon
58%
Gerald Ford
45%
Dwight D. Eisenhower
44%
Ulysses S. Grant
41%
Theodore Roosevelt
35%
Herbert Hoover
33%
William Howard Taft
27%
William McKinley
27%
Calvin Coolidge
26%
James A. Garfield
26%
Warren G. Harding
26%
Rutherford B. Hayes
25%
Chester A. Arthur
21%
Benjamin Harrison
19%
No matching quizzes found
Score Distribution
Percent of People with Each Score
Percentile by Number Answered
Your Score History
You have not taken this quiz since the last reset